Top 97 Chatter von Starletnova - Statistiken

Allgemein
  • Dieses Quiz wurde 9 mal gespielt
    5 seit der letzten Aktualisierung
  • Das Durchschnittsergebnis liegt bei 41 aus 97
Antwortstatistiken
Antwort % Korrekt
6 vd_n
100%
14 assetix
80%
9 beller0se
80%
7 ccharys
80%
16 dafliiip
80%
2 despowl
80%
1 doggyjonny
80%
3 jonahxcx
80%
28 krippymackrippface
80%
75 mollykristall
80%
10 not_elonmusk
80%
22 not_evenclose
80%
31 parmesankuh
80%
12 roehrenfernseher
80%
38 bokistreams
60%
30 chest294
60%
13 chungimeter
60%
36 deeichkind
60%
37 entenluder
60%
44 fabiable
60%
25 felix_roxx
60%
15 floggestreamt
60%
40 fritzi_hd
60%
8 garraty_
60%
17 geronimoo03
60%
87 hannah_msr
60%
19 hiddenclue
60%
89 itsbaatu
60%
43 janine_2000_
60%
20 kieronikus
60%
27 klo_gnom
60%
18 kolibree
60%
35 konguerer_
60%
39 konguerer
60%
49 konrundius
60%
5 kumpelz_
60%
46 lineamenta
60%
70 murmelmel
60%
11 nathaliesophie_
60%
32 northguard1
60%
42 oliver_99_
60%
29 parz1val2000
60%
60 pazzei
60%
73 rhobar_the_third
60%
24 rockerfarm
60%
4 samuvva_
60%
94 secretru
60%
56 streamverbot_
60%
67 th3m4rk
60%
23 tiears
60%
26 werninho1706
60%
21 yadaal
60%
64 yannniiik
60%
53 aktiverbademeister
40%
63 bratspinat
40%
92 brazzers_us
40%
85 chros_vl
40%
79 fetter_hagrid
40%
74 icesnack
40%
33 kvnl
40%
52 meinbieristleaa
40%
57 not_your_busyness
40%
51 teoman__abi
40%
55 1leevii
20%
72 backfischfranz
20%
66 brilianz
20%
34 foreverkaiton
20%
76 h3nnnn3
20%
48 lithamsterlaze
20%
84 miafrt
20%
54 n_monster
20%
41 schiffinsel4267
20%
59 starfish24_
20%
47 torpedo1
20%
77 vinofeeed
20%
97 akosihchill
0%
71 andueh1
0%
93 cellojenkins_
0%
96 darkyslight
0%
78 der_maxster
0%
61 ellirhc
0%
58 fancydoge16
0%
86 harry100023
0%
45 jnddrch
0%
68 kewlioss
0%
82 kiriikirii
0%
83 kjellnicolas
0%
62 laures_
0%
69 legit_0kay
0%
81 marcel_waffles
0%
88 qnlndv
0%
95 raptor8525
0%
90 saluten
0%
80 sytroxcs
0%
50 vale04wawa
0%
65 wilmarayacrowln
0%
91 zameso
0%
Keine übereinstimmenden Quizze gefunden
Verteilung der Resultate
Anzahl Personen mit jedem Resultat
Perzentil nach korrekt beantworteten Fragen
Ihre Resultats-Entwicklung
Sie haben dieses Quiz seit der letzten Aktualisierung nicht gespielt